[Event "Hospitalet de Llobregat op 4th"]
[Site "Hospitalet de Llobregat"]
[Date "2019.05.18"]
[Round "6"]
[White "Bonay Toscas, Santiago"]
[Black "Jose Iraeta, Alexandre"]
[Result "1/2-1/2"]
[WhiteElo "1722"]
[BlackElo "2167"]
[PlyCount "41"]
[EventDate "2019.04.06"]
[EventType "swiss"]
[EventRounds "9"]
[EventCountry "ESP"]
[SourceTitle "CBM 190 Extra"]
[Source "ChessBase"]
[SourceDate "2019.07.15"]
[SourceVersion "1"]
[SourceVersionDate "2019.07.15"]
[SourceQuality "1"]

1. d4 f5 2. c4 g6 3. Nf3 Bg7 4. g3 Nf6 5. Bg2 0-0 6. 0-0 d6 7. Nc3 e6 8. b3 Qe8 9. Bb2 e5 10. dxe5 dxe5 11. Nb5 e4 12. Nxc7 Qd7 13. Nxa8 exf3 14. Bxf3 Nc6 15. Qc1 Re8 16. Ba3 Qd8 17. Rd1 Bd7 18. Bb2 Re7 19. Ba3 Re8 20. Bb2 Re7 21. Ba3 1/2-1/2

[Event "Llobregat Garcia Memorial 7th"]
[Site "Llobregat"]
[Date "2016.05.21"]
[Round "7"]
[White "Ysern Comas, Juan Antonio"]
[Black "Bonay Toscas, Santiago"]
[Result "0-1"]
[WhiteElo "1952"]
[BlackElo "1859"]
[PlyCount "85"]
[EventDate "2016.04.09"]
[EventType "swiss"]
[EventRounds "9"]
[EventCountry "ESP"]
[SourceTitle "EXT 2017"]
[Source "ChessBase"]
[SourceDate "2016.10.25"]
[SourceVersion "1"]
[SourceVersionDate "2016.10.25"]
[SourceQuality "1"]

1. d4 Nf6 2. c4 e6 3. Nc3 Bb4 4. e3 0-0 5. Bd3 d5 6. Nf3 c5 7. 0-0 Nc6 8. a3 Bxc3 9. bxc3 dxc4 10. Bxc4 Qe7 11. Qc2 Rd8 12. Bb2 b6 13. Rfd1 Bb7 14. Rac1 Na5 15. Be2 Rac8 16. Qa4 Bc6 17. Bb5 Bb7 18. Ne5 a6 19. Be2 Qc7 20. Re1 b5 21. Qd1 c4 22. Bf3 Nb3 23. Rb1 Be4 24. Be2 Bxb1 25. Qxb1 Nd7 26. Nf3 Nb6 27. Bd1 a5 28. Bc2 h6 29. Bc1 Nxc1 30. Rxc1 Rb8 31. e4 Qf4 32. e5 Nd5 33. h3 Kf8 34. Bd1 h5 35. Qa1 Rdc8 36. Kf1 Kg8 37. Bc2 Nxc3 38. Bh7+ Kxh7 39. Qxc3 b4 40. axb4 axb4 41. Qc2+ Kg8 42. Kg1 c3 43. Rf1 0-1

[Event "Barcelona Catalunya op 26th"]
[Site "Barcelona"]
[Date "2014.11.15"]
[Round "7"]
[White "Garcia Miracle, Joan Josep"]
[Black "Bonay Toscas, Santiago"]
[Result "1-0"]
[WhiteElo "2145"]
[BlackElo "2022"]
[PlyCount "59"]
[EventDate "2014.09.27"]
[EventType "swiss"]
[EventRounds "9"]
[EventCountry "ESP"]
[SourceTitle "EXT 2017"]
[Source "ChessBase"]
[SourceDate "2016.10.25"]
[SourceVersion "1"]
[SourceVersionDate "2016.10.25"]
[SourceQuality "1"]

1. d4 Nf6 2. c4 e6 3. g3 Bb4+ 4. Bd2 Qe7 5. Bg2 d5 6. Nf3 0-0 7. 0-0 b6 8. Ne5 Bxd2 9. Nxd2 Bb7 10. Qb1 Nbd7 11. Nxd7 Qxd7 12. b4 a5 13. b5 Qd6 14. Rc1 Rad8 15. c5 Qe7 16. Rc3 e5 17. e3 bxc5 18. Rxc5 exd4 19. exd4 Ne4 20. Rc2 Nxd2 21. Rxd2 Rfe8 22. Rc2 Qd6 23. Rc5 f6 24. Qc2 Re7 25. Rc1 Rde8 26. Rxc7 Re2 27. Qc3 Qb6 28. a4 Ra2 29. Qf3 f5 30. Rxb7 1-0

[Event "Barcelona Catalunya op 26th"]
[Site "Barcelona"]
[Date "2014.10.04"]
[Round "2"]
[White "Bonay Toscas, Santiago"]
[Black "Nin Serres, Pere"]
[Result "1-0"]
[WhiteElo "2022"]
[BlackElo "1837"]
[PlyCount "61"]
[EventDate "2014.09.27"]
[EventType "swiss"]
[EventRounds "9"]
[EventCountry "ESP"]
[SourceTitle "EXT 2017"]
[Source "ChessBase"]
[SourceDate "2016.10.25"]
[SourceVersion "1"]
[SourceVersionDate "2016.10.25"]
[SourceQuality "1"]

1. d4 d5 2. Nf3 Nf6 3. g3 e6 4. Bg2 c5 5. 0-0 Nc6 6. c4 cxd4 7. Nxd4 Qb6 8. Nxc6 bxc6 9. cxd5 cxd5 10. Nc3 Be7 11. e4 Bb7 12. Be3 Qd8 13. Qa4+ Qd7 14. Qxd7+ Kxd7 15. exd5 Nxd5 16. Rad1 Rhd8 17. Nxd5 Bxd5 18. Bxd5 exd5 19. Rxd5+ Ke8 20. Rxd8+ Rxd8 21. Bxa7 Rd2 22. b3 Bf6 23. Re1+ Kd7 24. a4 Bc3 25. Re3 Bb4 26. Re4 Be7 27. Rd4+ Rxd4 28. Bxd4 g6 29. a5 Kc6 30. a6 Bb4 31. Kf1 1-0